00258pab a2200097 454500008003600000100002400036245004700060650001800107650001600125773001900141180718b xxu||||| |||| 00| 0 eng d aMitra, Soumya Kanti aEarth Summit: creating a market for future a Earth Summit aEnvironment aEconomic Times